Statistics for Popular Candy

Click here to take the quiz!

General Stats

  • This quiz has been taken 584 times
  • The average score is 6 of 10

Answer Stats

DescriptionCandy% Correct
Plain old milk chocolateHershey's
88%
Milk chocolate with a peanut butter fillingReese's Peanut Butter Cups
82%
Rainbow round candiesSkittles
77%
Chocolate with a colorful candy shellM&M's
72%
Chocolate, nougat, peanuts, and caramelSnickers
69%
Flavored hard candy (watermelon, blue raspberry, green apple, cherry, and grape)Jolly Ranchers
58%
Ring shaped hard candyLifesavers
48%
Fluffy chocolate with a milk chocolate outside3 Musketeers
43%
Pretzels, caramel, peanut butter, and milk chocolateTake 5
24%
Molasses and peanutsPeanut Chews
3%

Score Distribution

Percentile by Number Answered

Percent of People with Each Score

Your Score History

You have not taken this quiz